000 00494nam a2200181Ia 4500
008 230917s9999||||xx |||||||||||||| ||und||
020 _cRS260
040 _e236435
_aMAIN
041 _aEnglish
082 _a621.3076 S23V(5)
100 _aSharma, D K
245 0 _aViva voce in electrical engineering
250 _a5th ed.
260 _aNew Delhi
_bCBS Publishers
_c2014
300 _aviii, 326 p.
500 _a2490 14/12/2016 HBD17/6746 23/12/2016 Main Budget Periodicals
942 _cBK
999 _c20143
_d20143